Statistiques concernant Harry Potter par emojis #1

Cliquez ici pour prendre le quiz!

Statistiques générales

  • Ce quiz a été pris 2 983 fois
  • Le résultat moyen est 10 sur 15

Statistiques - réponses

EmojisPersonnages% Correct
👓⚡️😫Harry Potter
100%
👩🏽🧠⏳Hermione Granger
98%
👨🏻‍🦰😨🕷Ron Weasley
95%
👱🏻‍♀️🌙🐰Luna Lovegood
84%
👨🌑🐺Remus Lupin
83%
🤱❤️☠️Lily Potter
74%
🧝‍♂️🧦🔪Dobby
73%
👥👨🏻‍🦰🤪Les jumeaux Weasley
70%
🧑🏻💔🧪Severus Rogue
66%
👻🚽😩Mimi Geignarde
64%
👩‍🦰💪🐴Ginny Weasley
61%
👨🦁🗡Godric Gryffondor
57%
☂🗝🦄Rubeus Hagrid
53%
👩🦡🏆Helga Poufsouffle
41%
😤😈🐸Dolores Ombrage
12%

Distribution des résultats

Percentile par nombre de réponses

% des personnes avec chaque résultat

Votre développement - résultats

Vous n’avez pas pris ce quiz